000 01094cam a2200253 4500
001 ABS64147
008 000000n2001 000 0 eng u
035 _a(Sirsi) u113119
100 _aHarrington, A.
245 _aWhere will GPS technology take you?
260 _c2001
490 _aGEOEurope
_v10(6) June 2001, 28(1)
520 _aReports on how global positioning system (GPS) devices, already in use in in-car navigation systems, are set to enter the mass market with their introduction to the next generation of mobile phones and how these advances will be reflected in professional GPS applications. Suggests that, combined with personal digital assistants (PDAs) including pocket PCs and palm devices, GPS will move from data collection to real time spatial data verification.
590 _aABS
650 _aGPS MARKET
650 _aICT
650 _aINFORMATION AND COMMUNICATION TECHNOLOGY
650 _aMOBILE PHONES
650 _aPALM COMPUTERS
650 _aPERSONAL DIGITAL ASSISTANTS
650 _aTELECOMMUNICATIONS
690 _aGEOMATICS-GPS
942 _n0
999 _c67342
_d67342